Outrunning Karma - Alec Benjamin (All Lyrics) - Statistics

General Stats
  • This quiz has been taken 25 times
  • The average score is 181 of 224
Answer Stats
Answer % Correct
a
100%
A
100%
and
100%
And
100%
boy
100%
He
100%
he
100%
karma
100%
Karma
100%
out
100%
run
100%
That
100%
the
100%
because
93%
charmer
93%
Colorado
93%
for
93%
he's
93%
He's
93%
hide
93%
him
93%
knows
93%
night
93%
Outrunning
93%
runs
93%
such
93%
to
93%
All
87%
cannot
87%
down
87%
Follow
87%
gonna
87%
He'll
87%
he'll
87%
it
87%
It's
87%
chase
80%
his
80%
in
80%
La-la
80%
La-la-la-la-la
80%
lies
80%
make
80%
never
80%
no
80%
of
80%
people
80%
poor
80%
their
80%
Their
80%
through
80%
always
73%
Apollo
73%
bodies
73%
desperado
73%
drag
73%
forsaken
73%
hearts
73%
is
73%
larva
73%
lying
73%
meet
73%
modern
73%
Ten
73%
them
73%
bag
67%
bugs
67%
can't
67%
dozen
67%
fight
67%
From
67%
game
67%
just
67%
miles
67%
race
67%
days
60%
farther
60%
last
60%
Sparta
60%
waiting
60%
church
53%
dies
53%
there's
53%
until
53%
battle
47%
escape
47%
really
47%
brace
40%
Satan
40%
steeple
40%
Steeple
40%
No matching quizzes found
Score Distribution
Percent of People with Each Score
Percentile by Number Answered
Your Score History
You have not taken this quiz